VHF/UHF Manual (Record no. 78349)
[ view plain ]
| 000 -LEADER | |
|---|---|
| fixed length control field | 00879nam a2200181 a 4500 |
| 008 - FIXED-LENGTH DATA ELEMENTS--GENERAL INFORMATION | |
| fixed length control field | 120416s0000 ||||||||||||||||| || u |
| 020 ## - INTERNATIONAL STANDARD BOOK NUMBER | |
| International Standard Book Number | 0900612630 |
| 050 ## - LIBRARY OF CONGRESS CALL NUMBER | |
| Classification number | TK 9956 Vhf |
| 100 ## - MAIN ENTRY--PERSONAL NAME | |
| Personal name | Jessop, G. R |
| 245 10 - TITLE STATEMENT | |
| Title | VHF/UHF Manual |
| Statement of responsibility, etc | edited by G. R. Jessop |
| 250 ## - EDITION STATEMENT | |
| Edition statement | 4th ed. |
| 260 ## - PUBLICATION, DISTRIBUTION, ETC. (IMPRINT) | |
| Place of publication, distribution, etc | Hertfordshire |
| Name of publisher, distributor, etc | Radio Society of Great Britain |
| Date of publication, distribution, etc | 1983 |
| 300 ## - PHYSICAL DESCRIPTION | |
| Extent | In various pagings : ill. |
| 350 ## - | |
| -- | 0.00 |
| 995 ## - RECOMMENDATION 995 [LOCAL, UNIMARC FRANCE] | |
| -- | 0.00 |
| -- | CBU-MAIN LIBRARY (Kitwe) |
| -- | 1 |
| -- | 8.50 |
| -- | AVAILABLE |
| -- | Annex Low-Usage Collection |
| 995 ## - RECOMMENDATION 995 [LOCAL, UNIMARC FRANCE] | |
| -- | 0.00 |
| -- | CBU-MAIN LIBRARY (Kitwe) |
| -- | 3 |
| -- | 8.50 |
| -- | 3 |
| -- | AVAILABLE |
| -- | Annex Low-Usage Collection |
| 995 ## - RECOMMENDATION 995 [LOCAL, UNIMARC FRANCE] | |
| -- | 0.00 |
| -- | CBU-MAIN LIBRARY (Kitwe) |
| -- | 2 |
| -- | 8.50 |
| -- | AVAILABLE |
| -- | Annex Low-Usage Collection |
| Withdrawn status | Lost status | Source of classification or shelving scheme | Damaged status | Not for loan | Permanent Location | Current Location | Shelving location | Date acquired | Total Checkouts | Full call number | Barcode | Date last seen | Copy number | Price effective from | Koha item type |
|---|---|---|---|---|---|---|---|---|---|---|---|---|---|---|---|
| CBU-MAIN LIBRARY, KITWE. | CBU-MAIN LIBRARY, KITWE. | 05/16/2023 | TK 9956 Vhf | 015761 | 05/16/2023 | 1 | 05/16/2023 | MONOGRAPH | |||||||
| CBU-MAIN LIBRARY, KITWE. | CBU-MAIN LIBRARY, KITWE. | 05/16/2023 | TK 9956 Vhf | 015763 | 05/16/2023 | 2 | 05/16/2023 | MONOGRAPH | |||||||
| Withdrawn | CBU-MAIN LIBRARY, KITWE. | CBU-MAIN LIBRARY, KITWE. | 05/16/2023 | TK 9956 Vhf | 015762 | 05/16/2023 | 3 | 05/16/2023 | MONOGRAPH |